Esterházy János emlékezete

Bibliographic Details
Main Author: Esterházy, Alice (Author)
Format: Article
Language:Hungarian
Subjects:

MARC

LEADER 00000nab a2200000 a 4500
001 vtls000469816
003 SK-MaSNL
005 20260319073920.0
008 160202c1992 xo 0 hun
015 |a SNBRB19rr/mm-uuuuu 
035 |a CL0469949 
040 |a SNKBUCL  |b slo  |c SNKBUCL  |e AACR2 
041 0 |a hun 
044 |a xo  |c SK 
080 |a 32-051(437=945.11)  |2 1981 
080 |a 323.15(437=945.11)  |2 1981 
100 1 |a Esterházy, Alice  |4 aut  |9 976370 
245 1 0 |a Esterházy János emlékezete  |c Alice Esterházy ; János Esterházy 
500 |a Odznelo 8. marca l992 v Divadle Thália. 
600 1 7 |a Esterházy, János,  |d 1901-1957  |2 snkbucl  |9 125804 
650 0 7 |a Maďari v Česko-slovensku  |2 snkbucl  |9 966778 
655 7 |a články z novín a časopisov  |2 snkbucl  |9 267496 
773 0 |t Keleti napló  |g Roč. 3, č. 4 (1992), s. 1 a 2 
850 |a Slovenská národná knižnica v Martine  |a MTA001 
852 |a SNK  |b KIS3GCP 
958 |a RK 
958 |a HU 
992 |a RBX 
999 |c 1562421  |d 1564351